Introduction to the basic concepts of modern physics / (Record no. 29805)
[ view plain ]
| 000 -LEADER | |
|---|---|
| fixed length control field | 00833 a2200205 4500 |
| 020 ## - INTERNATIONAL STANDARD BOOK NUMBER | |
| International Standard Book Number | 8847006066 |
| 020 ## - INTERNATIONAL STANDARD BOOK NUMBER | |
| International Standard Book Number | 9788847006065 |
| 082 ## - DEWEY DECIMAL CLASSIFICATION NUMBER | |
| Classification number | 539 |
| 090 ## - LOCALLY ASSIGNED LC-TYPE CALL NUMBER (OCLC); LOCAL CALL NUMBER (RLIN) | |
| -- | 1192 |
| -- | 1192 |
| 100 1# - MAIN ENTRY--PERSONAL NAME | |
| Personal name | Becchi, Carlo M. |
| 245 10 - TITLE STATEMENT | |
| Title | Introduction to the basic concepts of modern physics / |
| Statement of responsibility, etc. | Carlo M. Becchi, Massimo D'Elia. |
| 260 ## - PUBLICATION, DISTRIBUTION, ETC. | |
| Place of publication, distribution, etc. | [S.l.] : |
| Name of publisher, distributor, etc. | Springer, |
| Date of publication, distribution, etc. | 2007. |
| 300 ## - PHYSICAL DESCRIPTION | |
| Extent | 155 p. ; |
| Dimensions | 24 cm. |
| 490 1# - SERIES STATEMENT | |
| Series statement | Unitext / collana di fisica E astronomia. |
| 700 1# - ADDED ENTRY--PERSONAL NAME | |
| Personal name | D'Elia, Massimo. |
| 830 #0 - SERIES ADDED ENTRY--UNIFORM TITLE | |
| Uniform title | Unitext / collana di fisica E astronomia. |
| 942 ## - ADDED ENTRY ELEMENTS (KOHA) | |
| Institution code [OBSOLETE] | SNS |
| Koha item type | Book |
| Call number prefix | 539 BEC |
| Withdrawn status | Lost status | Damaged status | Not for loan | Permanent Location | Current Location | Date acquired | Total Checkouts | Full call number | Barcode | Date last seen | Date last checked out | Price effective from | Koha item type |
|---|---|---|---|---|---|---|---|---|---|---|---|---|---|
| School of Natural Sciences (SNS) | School of Natural Sciences (SNS) | 05/26/2016 | 1 | 539 BEC | SNS0001444 | 01/24/2022 | 12/07/2021 | 05/26/2016 | Book | ||||
| School of Natural Sciences (SNS) | School of Natural Sciences (SNS) | 05/26/2016 | 1 | 539 BEC | SNS0001274 | 10/30/2017 | 06/03/2016 | 05/26/2016 | Book |
